Nesnadná cesta k měnové únii Evropského společenství Aktuální otázky Evropského společenství.

Jednotlivé štádiá vytvárania hospodárskej a menovej únie členských štátov Európskeho spoločenstva. Kritériá ekonomickej unifikácie dohodnuté v Maastrichte (miera inflácie, deficit štátneho rozpočtu, úrokové sadzby, výkyvy menových kurzov). Splnenie kritérií ako základná podmienka vytvorenia hospodár...

Descrizione completa

Salvato in:
Dettagli Bibliografici
Autore principale: Marková, Jana
Natura: Capitolo di libro
Lingua:ceco
Soggetti:
Tags: Aggiungi Tag
Nessun Tag, puoi essere il primo ad aggiungerne!!

MARC

LEADER 00000naa a2200000 4500
001 r012047
005 20220913122207.9
041 0 |a cze 
044 |a CZ 
245 1 0 |a Nesnadná cesta k měnové únii Evropského společenství  |b Aktuální otázky Evropského společenství.  |c Jana Marková 
520 |a Jednotlivé štádiá vytvárania hospodárskej a menovej únie členských štátov Európskeho spoločenstva. Kritériá ekonomickej unifikácie dohodnuté v Maastrichte (miera inflácie, deficit štátneho rozpočtu, úrokové sadzby, výkyvy menových kurzov). Splnenie kritérií ako základná podmienka vytvorenia hospodárskej a menovej únie. 
610 2 0 |a Európske spoločenstvá 
610 2 0 |a únie menové 
610 2 0 |a integrácia ekonomická medzinárodná 
610 2 0 |a inflácia 
610 2 0 |a miera úroková 
610 2 0 |a deficit 
610 2 0 |a rozpočet štátny 
610 2 0 |a údaje štatistické 
610 2 0 |a 1989-1993 
610 2 0 |a integrácia menová 
100 1 |a Marková, Jana